=LDR 00000nam 2200000 4500 =001 INLIS000000000022589 =005 20130612121331 =008 ***********************************Ind** =035 ##$$0010-061300000022589 =041 ##$$a Ind =082 ##$$a 550.76 =090 ##$$a 550.76, Wil t =100 ##$$a Willias Brian =245 ##$$a tanya jwab, Bria Williams =260 ##$$a 2005 $b Jkarta =300 ##$$a 40 hlm, ilus, 25 cm =650 ##$$a Geografi dasar =850 ##$$a NBPNMAT